000 00831nam a2200253Ia 4500
003 OSt
005 20220923223216.0
006 a|||||r|||| 00| 0
007 ta
008 220922b |||||||| |||| 00| 0 hin d
024 _a212,086
037 _cTextual
040 _aARTS
_cARTS
_bhin
041 _2hin
_ahin
082 _aO152,3N17x, L7
100 _aदुग्गल, कर्तार सिंह
245 0 _aएक अंधेरी शाम
246 _aEk aandherī shāma
260 _aदिल्ली
_b पंजाबी पुस्तक भंडार
_c1977
300 _a111पृ.
_ccm.
650 _aहिन्दी साहित्य
_9156264
942 _hO152,3N17x, L7
_cTEXL
_2CC
999 _c362360
_d362360